000 00268nam a22001097a 4500
082 _a530.7 OHI'B
100 _aO HIGGINS, P. J
_980345
245 _aBASIC INSTRUMENTATION INDUSTRIAL MEASUREMENT
260 _aNEWYORK
_bMCGRAW HILL
_c1966
300 _a495P
942 _cBK
999 _c585297
_d585297